=LDR 00000nam 2200000 4500 =001 INLIS000000000013271 =005 20130612104706 =008 ***********************************Ind** =035 ##$$0010-061300000013271 =041 ##$$a Ind =082 ##$$a 631.521 =090 ##$$a 631.521, Mug p =100 ##$$a Mugnisjah, Wahyu Qomara Mugnisjah =245 ##$$a Proreksi benih, Wahyu Qomara Muganisjah Muganisjah =260 ##$$a 2001 $b Jakarta =300 ##$$a 129 hlm, 21 cm =650 ##$$a Bibit =850 ##$$a NBPNMAT